La comunicación en las actividades de enseñanza y de extensión.

Guardado en:
Autor Corporativo: Organización de las Naciones Unidas para la Agricultura y la Alimentación.
Formato: Libro
Idioma:Spanish
Publicado: Roma : FAO, 1975.
Etiquetas: Agregar Etiqueta
Sin Etiquetas, Sea el primero en etiquetar este registro!
LEADER 00493nam a22001335a 4500
001 EEA.libagro003539
005 20190531114049.0
008 130809s1975####it#a##########000#0#spa#d
082 0 4 |a 630.715 
110 2 |a Organización de las Naciones Unidas para la Agricultura y la Alimentación. 
245 1 3 |a La comunicación en las actividades de enseñanza y de extensión. 
260 |a Roma :  |b FAO,  |c 1975. 
300 |a 1 v. (sin paginar) :  |b il. ;  |c 28 cm. 
859 |a AR-BbBCA  |b BIB. AGRONOMIA  |h 630.715  |i F218  |p 1985/0776